00327nam a2200145Ia 45000030006000000080041000060400015000471000027000622450017000892500006001062600032001123000006001445460014001500050017001640STCL150530s9999 xx 000 0 und d aSTCLcSTCL aSatheesh Kacherikadavu aKanneerkadal a1 bSakhi Books; Kottayamc2006 a0 aMalayalam20220125171541.0